| 000 | 00000cam 2200000zi 4500 |
| 001 | 9.951544 |
| 003 | CaOODSP |
| 005 | 20260529133915 |
| 006 | m o d f |
| 007 | cr cn||||||||| |
| 008 | 250529e202506##onc o f000 0 eng d |
| 020 | |a9780660774978 |
| 040 | |aCaOODSP|beng|erda|cCaOODSP |
| 043 | |an-cn--- |
| 045 | |ay2y2 |
| 086 | 1 |aP114-32/2025E-PDF |
| 245 | 00|aFollow-up report to the 2020-2021 procurement practice review of non-competitive contracts involving WE Charity / |cOffice of the Procurement Ombud. |
| 264 | 1|aOttawa, ON : |bGovernment of Canada, Office of the Procurement Ombud = Gouvernement du Canada, Bureau de l'ombud de l'approvisionnement, |cJune 2025. |
| 300 | |a1 online resource (21 pages) |
| 336 | |atext|btxt|2rdacontent |
| 337 | |acomputer|bc|2rdamedia |
| 338 | |aonline resource|bcr|2rdacarrier |
| 500 | |aIssued also in French under title: Rapport de suivi concernant l'examen des pratiques d'approvisionnement relatif aux contrats non concurrentiels conclus avec l'organisme UNIS de 2020-2021. |
| 610 | 20|aCanada School of Public Service|xProcurement|xEvaluation. |
| 610 | 10|aCanada. |bGlobal Affairs Canada|xProcurement|xEvaluation. |
| 610 | 10|aCanada. |bPrivy Council Office|xProcurement|xEvaluation. |
| 610 | 20|aPublic Health Agency of Canada|xProcurement|xEvaluation. |
| 650 | 0|aPublic contracts |zCanada|xEvaluation. |
| 710 | 1 |aCanada. |bOffice of the Procurement Ombud, |eissuing body. |
| 775 | 08|tRapport de suivi concernant l'examen des pratiques d'approvisionnement relatif aux contrats non concurrentiels conclus avec l'organisme UNIS de 2020-2021 / |w(CaOODSP)9.951545 |
| 856 | 40|qPDF|s393 KB|uhttps://publications.gc.ca/collections/collection_2026/spac-pspc/P114-32-2025-eng.pdf |
| 856 | 4 |qHTML|sN/A|uhttps://opo-boa.gc.ca/praapp-prorev/2020-2021/follow-up-report-2021-eng.html |